EFL Championship 2022/23 - Statistics

General Stats
  • This quiz has been taken 54 times
  • The average score is 19 of 24
Answer Stats
Standing Team W D L GF GA Pts % Correct
Champions Burnley 29 14 3 87 35 101
98%
3rd Luton Town 21 17 8 57 39 80
98%
2nd Sheffield United 28 7 11 73 39 91
98%
17th Birmingham City 14 11 21 47 58 53
92%
5th Coventry City 18 16 12 58 46 70
90%
13th Norwich City 17 11 18 57 54 62
90%
9th West Brom 18 12 16 59 53 66
88%
21st Cardiff City 13 10 23 41 58 49
83%
15th Hull City 14 16 16 51 61 58
83%
6th Sunderland 18 15 13 68 55 69
83%
11th Watford 16 15 15 56 53 63
83%
10th Swansea City 18 12 16 68 64 66
81%
7th Blackburn Rovers 20 9 17 52 54 69
79%
18th Huddersfield Town 14 11 21 47 62 53
79%
8th Millwall 19 11 16 57 50 68
79%
14th Bristol City 15 14 17 55 56 59
77%
4th Middlesbrough 22 9 15 84 56 75
77%
20th QPR 13 11 22 44 71 50
75%
16th Stoke City 14 11 21 55 54 53
75%
12th Preston North End 17 12 17 45 59 63
71%
22nd Reading 13 11 22 46 68 44
71%
24th Wigan Athletic 10 15 21 38 65 39
71%
23rd Blackpool Town 11 11 24 48 72 44
67%
19th Rotherham Utd 11 17 18 49 60 50
6%
No matching quizzes found
Score Distribution
Percent of People with Each Score
Percentile by Number Answered
Your Score History
You have not taken this quiz